| 000 | 01017 a2200241 4500 | ||
|---|---|---|---|
| 003 | Nust | ||
| 005 | 20170207154018.0 | ||
| 010 | _a 2002153144 | ||
| 020 | _a0471237515 | ||
| 040 | _cNust | ||
| 082 | 0 | 0 | _a005.13/3 |
| 245 | 0 | 0 |
_aMore Java pitfalls :(E-BOOK) _b50 new time-saving solutions and workarounds / _cMichael C. Daconta ... [et al.]. |
| 260 |
_aIndianapolis, Ind. : _bWiley Pub., _c2003. |
||
| 300 |
_axix, 455 p. : _bill. ; _c23 cm. |
||
| 500 | _aIncludes index. | ||
| 505 | _aPart I: The Client Tier (Page-1) Part Two The Web Tier (Page-199) Part Three The Enterprise Tier (Page-327) | ||
| 650 | 0 | _aJava (Computer program language) | |
| 651 | _aMore Java pitfalls :(E-BOOK) | ||
| 700 | 1 | _aDaconta, Michael C. | |
| 856 | 4 | 2 |
_3Contributor biographical information _uhttp://www.loc.gov/catdir/bios/wiley044/2002153144.html |
| 856 | 4 | 2 |
_3Publisher description _uhttp://www.loc.gov/catdir/description/wiley037/2002153144.html |
| 856 | 4 | 2 |
_3Table of contents _uhttp://www.loc.gov/catdir/toc/wiley031/2002153144.html |
| 942 |
_2ddc _cBK |
||
| 999 |
_c191540 _d191540 |
||